| 000 | nam a22 7a 4500 | ||
|---|---|---|---|
| 999 |
_c27705 _d27705 |
||
| 008 | 170210b xxu||||| |||| 00| 0 eng d | ||
| 020 | _a9780131469006 | ||
| 050 | _aQA 152.2 .M37 2005 | ||
| 100 |
_aMartin-Gay Elayn K. _d2005 |
||
| 245 |
_aIntermediate algebra: _bA graphic approach/ _cK. Elayn Martin-Gay, Margaret Greene. |
||
| 250 | _a3rd ed. | ||
| 260 |
_aLondon: _bPearson prentice hall, _c2005. |
||
| 300 |
_axxvi, 844, [51]p.: _bill.; _c26cm. |
||
| 521 | _aIncludes bibliographical references and index. | ||
| 650 | _aAlgebra. | ||
| 700 | _aGreene, Margaret. | ||
| 942 |
_2lcc _cBOOKS _hQA 152.2 .M37 2005 |
||